[Event "Sao Paulo op da Amizade"]
[Site "Sao Paulo"]
[Date "2008.08.28"]
[Round "6.11"]
[White "Trois, Francisco R Torres"]
[Black "Jukemura, Leandro"]
[Result "1-0"]
[WhiteElo "2359"]
[BlackElo "2113"]
[PlyCount "103"]
[EventDate "2008.08.23"]
[EventType "swiss"]
[EventRounds "9"]
[EventCountry "BRA"]
[SourceTitle "EXT 2022"]
[Source "ChessBase"]
[SourceDate "2021.10.06"]
[SourceVersion "1"]
[SourceVersionDate "2021.10.06"]
[SourceQuality "1"]

1. d4 d5 2. Nf3 Nf6 3. c4 c6 4. Qc2 e6 5. e3 Bd6 6. Nc3 Nbd7 7. b3 0-0 8. Bb2 Qe7 9. Be2 dxc4 10. bxc4 e5 11. 0-0 e4 12. Nd2 Re8 13. Rfe1 Nf8 14. a4 Bf5 15. Qb3 Ng6 16. Ba3 Bxa3 17. Qxa3 Qc7 18. Rab1 Bg4 19. Ndxe4 Nxe4 20. Bxg4 Nd2 21. Rbc1 Nxc4 22. Qc5 Nd2 23. Rc2 Ne4 24. Nxe4 Rxe4 25. Bf3 Rh4 26. g3 Rh6 27. Rb1 Ne7 28. a5 Rf6 29. Be4 Nc8 30. d5 b6 31. Qc3 bxa5 32. dxc6 Nd6 33. Bd5 Re8 34. Qd3 h5 35. e4 h4 36. Qd4 hxg3 37. hxg3 Rh6 38. Qd3 Qc8 39. Qf3 Rf6 40. Qg2 Qg4 41. c7 Nc8 42. Rcc1 Rg6 43. Rb3 Kf8 44. Qf3 Qxf3 45. Rxf3 f6 46. Ra3 Ke7 47. Rxa5 Kd6 48. Rac5 Re7 49. Kg2 a5 50. f4 a4 51. R5c3 a3 52. Rd3 1-0

[Event "Sao Paulo op da Amizade"]
[Site "Sao Paulo"]
[Date "2008.08.24"]
[Round "2.9"]
[White "Jukemura, Leandro"]
[Black "Oliveira, Silvio Eduardo"]
[Result "1-0"]
[WhiteElo "2113"]
[BlackElo "2323"]
[PlyCount "73"]
[EventDate "2008.08.23"]
[EventType "swiss"]
[EventRounds "9"]
[EventCountry "BRA"]
[SourceTitle "EXT 2022"]
[Source "ChessBase"]
[SourceDate "2021.10.06"]
[SourceVersion "1"]
[SourceVersionDate "2021.10.06"]
[SourceQuality "1"]

1. e4 c5 2. Nf3 e6 3. d3 Nc6 4. g3 g6 5. Bg2 Bg7 6. 0-0 Nge7 7. c3 d5 8. Nbd2 0-0 9. Re1 b5 10. e5 Qc7 11. d4 cxd4 12. cxd4 f6 13. exf6 Bxf6 14. Nb3 Nf5 15. Bf4 Qg7 16. Ne5 g5 17. Nxc6 gxf4 18. Ne5 a5 19. a4 b4 20. Rc1 fxg3 21. hxg3 Kh8 22. Qh5 Ra7 23. g4 Nh4 24. f4 Bxe5 25. fxe5 Nxg2 26. Kxg2 Raf7 27. Rf1 Rxf1 28. Rxf1 Ba6 29. Rxf8+ Qxf8 30. Nc5 Qf1+ 31. Kg3 Qe1+ 32. Kf4 Qd2+ 33. Kg3 Qe3+ 34. Kh4 Qf2+ 35. Kg5 Qe3+ 36. Kf6 Qf4+ 37. Ke7 1-0

[Event "Sao Paulo op da Amizade"]
[Site "Sao Paulo"]
[Date "2008.08.24"]
[Round "3.6"]
[White "Jukemura, Leandro"]
[Black "Rodi, Luis Ernesto"]
[Result "0-1"]
[WhiteElo "2113"]
[BlackElo "2376"]
[PlyCount "62"]
[EventDate "2008.08.23"]
[EventType "swiss"]
[EventRounds "9"]
[EventCountry "BRA"]
[SourceTitle "EXT 2022"]
[Source "ChessBase"]
[SourceDate "2021.10.06"]
[SourceVersion "1"]
[SourceVersionDate "2021.10.06"]
[SourceQuality "1"]

1. e4 g6 2. d4 Bg7 3. Nc3 d6 4. Be3 a6 5. Qd2 b5 6. f3 Bb7 7. g4 Nd7 8. Nge2 c5 9. h4 h6 10. Ng3 cxd4 11. Bxd4 Ne5 12. Bxe5 Bxe5 13. f4 Bg7 14. h5 Qc8 15. hxg6 fxg6 16. g5 Qg4 17. Qe3 hxg5 18. Rxh8 Bxh8 19. fxg5 Rc8 20. Be2 Qh4 21. Kd2 Be5 22. Rh1 Qxg3 23. Qxg3 Bxg3 24. Bg4 Rd8 25. Be6 Kf8 26. Rf1+ Kg7 27. Rf7+ Kh8 28. Rf3 Be5 29. Nd5 Bc8 30. Bf7 Kg7 31. Nc7 Nf6 0-1

[Event "South American-ch U20 3rd"]
[Site "Montevideo"]
[Date "2008.02.??"]
[Round "6"]
[White "Ambrogi, Agustin Tomas"]
[Black "Jukemura, Leandro"]
[Result "1-0"]
[WhiteElo "2258"]
[BlackElo "2050"]
[PlyCount "79"]
[EventDate "2008.02.25"]
[EventType "swiss"]
[EventRounds "9"]
[EventCountry "URU"]
[SourceTitle "EXT 2022"]
[Source "ChessBase"]
[SourceDate "2021.10.06"]
[SourceVersion "1"]
[SourceVersionDate "2021.10.06"]
[SourceQuality "1"]

1. e4 c5 2. Nf3 a6 3. d4 cxd4 4. Nxd4 Nf6 5. Nc3 e5 6. Nf3 Bb4 7. Bc4 Qc7 8. Qd3 b5 9. Bb3 Bb7 10. 0-0 Bxc3 11. Qxc3 Qxc3 12. bxc3 d6 13. Ng5 0-0 14. f3 h6 15. Nh3 d5 16. exd5 Bxd5 17. a4 Nc6 18. Re1 Rfe8 19. Nf2 Na5 20. Bxd5 Nxd5 21. axb5 axb5 22. Ne4 Nc4 23. Rb1 Rab8 24. Rd1 Red8 25. g4 Nc7 26. Rd3 Rd5 27. Bxh6 Na3 28. Rb3 Nxc2 29. Rd2 Ne1 30. c4 Rxd2 31. Bxd2 Nc2 32. Ba5 Nd4 33. Bxc7 Rc8 34. Rb2 Rxc7 35. cxb5 Rd7 36. b6 Nc6 37. Rc2 Na5 38. Rc5 Rd1+ 39. Kf2 Ra1 40. Rc8+ 1-0

[Event "South American-ch U20 3rd"]
[Site "Montevideo"]
[Date "2008.02.??"]
[Round "9"]
[White "Pena, Alfredo"]
[Black "Jukemura, Leandro"]
[Result "1/2-1/2"]
[WhiteElo "2239"]
[BlackElo "2050"]
[PlyCount "122"]
[EventDate "2008.02.25"]
[EventType "swiss"]
[EventRounds "9"]
[EventCountry "URU"]
[SourceTitle "EXT 2022"]
[Source "ChessBase"]
[SourceDate "2021.10.06"]
[SourceVersion "1"]
[SourceVersionDate "2021.10.06"]
[SourceQuality "1"]

1. e4 c5 2. Nf3 Nc6 3. Bb5 g6 4. 0-0 Bg7 5. c3 e5 6. Re1 Nge7 7. Bf1 0-0 8. d3 d6 9. Nbd2 Rb8 10. g3 b5 11. Bg2 b4 12. Nc4 h6 13. Nh4 Kh7 14. Bd2 bxc3 15. bxc3 Qc7 16. f4 f5 17. Kh1 Be6 18. Ne3 fxe4 19. dxe4 exf4 20. gxf4 Rxf4 21. Nd5 Nxd5 22. exd5 Rxh4 23. Rxe6 Ne5 24. Qe1 Rh5 25. Be4 Rb2 26. Qc1 Qb7 27. Bf4 Re2 28. Bxg6+ Nxg6 29. Rxe2 Qxd5+ 30. Rg2 Nxf4 31. Qxf4 Be5 32. Qg4 Rxh2+ 33. Kg1 Qxg2+ 34. Qxg2 Rxg2+ 35. Kxg2 Bxc3 36. Rb1 Bb4 37. Rd1 c4 38. Rd4 Kg6 39. Rxc4 Bc5 40. Kf3 Kf5 41. Rf4+ Ke5 42. Rh4 d5 43. Rxh6 Kd4 44. Ke2 Kc4 45. Kd2 d4 46. Rh3 a5 47. Kc2 Bb4 48. Rf3 Bd6 49. Rh3 a4 50. a3 Bf4 51. Rd3 Bd6 52. Rf3 Be5 53. Rh3 Bf4 54. Rd3 Bg5 55. Rd1 Be7 56. Rd3 Bh4 57. Rf3 Be1 58. Rh3 Bf2 59. Rd3 Be3 60. Rd1 Bf4 61. Rd3 Bd6 1/2-1/2

[Event "American Continental 04th"]
[Site "Cali"]
[Date "2007.07.20"]
[Round "11"]
[White "Jukemura, Leandro"]
[Black "Quinones, Cesar Luis"]
[Result "0-1"]
[WhiteElo "2025"]
[BlackElo "2268"]
[PlyCount "78"]
[EventDate "2007.07.10"]
[EventType "swiss"]
[EventRounds "11"]
[EventCountry "COL"]
[SourceTitle "CBM 119 Extra"]
[Source "ChessBase"]
[SourceDate "2007.09.04"]
[SourceVersion "1"]
[SourceVersionDate "2007.09.04"]
[SourceQuality "1"]

1. e4 c5 2. Nf3 Nc6 3. Bb5 d6 4. d4 cxd4 5. Qxd4 Bd7 6. Bxc6 Bxc6 7. Nc3 Nf6 8. Bg5 e6 9. 0-0-0 Be7 10. Rhe1 0-0 11. Kb1 h6 12. Bxf6 Bxf6 13. Qxd6 Bxc3 14. bxc3 Qb6+ 15. Qb4 Qxf2 16. Qd4 Qxd4 17. cxd4 Rfd8 18. c4 Rac8 19. Kb2 f6 20. Rd2 Kf8 21. d5 Bd7 22. Red1 b6 23. Nd4 Ke7 24. Kb3 Rc5 25. a4 Rdc8 26. Rc2 a6 27. Kb4 e5 28. Nc6+ Bxc6 29. dxc6 R8xc6 30. Rd5 Rxd5 31. exd5 Rc5 32. Ra2 Kd6 33. Ra3 e4 34. Rg3 Rc7 35. Rb3 Re7 36. Re3 f5 37. a5 bxa5+ 38. Kxa5 Kc5 39. d6 Rd7 0-1

[Event "American Continental 04th"]
[Site "Cali"]
[Date "2007.07.13"]
[Round "4"]
[White "Jukemura, Leandro"]
[Black "Buitrago Grajales, Juan Carlos"]
[Result "0-1"]
[WhiteElo "2025"]
[BlackElo "2160"]
[PlyCount "80"]
[EventDate "2007.07.10"]
[EventType "swiss"]
[EventRounds "11"]
[EventCountry "COL"]
[SourceTitle "CBM 119 Extra"]
[Source "ChessBase"]
[SourceDate "2007.09.04"]
[SourceVersion "1"]
[SourceVersionDate "2007.09.04"]
[SourceQuality "1"]

1. e4 e5 2. Nf3 Nc6 3. Bb5 a6 4. Ba4 Nf6 5. Qe2 b5 6. Bb3 Be7 7. 0-0 0-0 8. c3 d5 9. d3 Bg4 10. Nbd2 Re8 11. h3 Bh5 12. Rd1 Bf8 13. Nf1 h6 14. g4 Bg6 15. Ng3 Na5 16. Bc2 c5 17. Nf5 Qc7 18. g5 hxg5 19. Bxg5 Bxf5 20. Bxf6 dxe4 21. dxe4 Bxh3 22. Ng5 Qc8 23. Nxh3 Qxh3 24. Rd3 Qh6 25. Kg2 Qxf6 26. Rh1 g6 27. Qg4 Bg7 28. Rf3 Qe7 29. Qh3 Qg5+ 30. Rg3 Qh5 31. Qd7 Rad8 32. Qc7 Qe2 33. Rf3 Rf8 34. Qe7 Qxc2 35. Qh4 f6 36. Rg3 g5 37. Qh7+ Kf7 38. Rh6 Ke6 39. Rxg5 Bxh6 40. Rxe5+ fxe5 0-1

[Event "American Continental 04th"]
[Site "Cali"]
[Date "2007.07.10"]
[Round "1"]
[White "Beltran, Carlos Armando"]
[Black "Jukemura, Leandro"]
[Result "1/2-1/2"]
[WhiteElo "1885"]
[BlackElo "2025"]
[PlyCount "95"]
[EventDate "2007.07.10"]
[EventType "swiss"]
[EventRounds "11"]
[EventCountry "COL"]
[SourceTitle "CBM 119 Extra"]
[Source "ChessBase"]
[SourceDate "2007.09.04"]
[SourceVersion "1"]
[SourceVersionDate "2007.09.04"]
[SourceQuality "1"]

1. Nf3 d5 2. c4 c6 3. e3 Nf6 4. b3 Bg4 5. Bb2 Nbd7 6. Be2 Bxf3 7. Bxf3 e5 8. cxd5 cxd5 9. Nc3 e4 10. Be2 Bd6 11. Nb5 Be5 12. Ba3 Qb6 13. Rc1 a6 14. Nc3 Qa5 15. Nb1 b5 16. b4 Qb6 17. d4 Bd6 18. Nd2 0-0 19. Nb3 Qb8 20. Nc5 Nb6 21. Bb2 Nc4 22. Bc3 Rd8 23. g3 Nd7 24. Bxc4 bxc4 25. 0-0 Qc7 26. a4 Rdb8 27. Rb1 Nf6 28. Kg2 h6 29. Rb2 Nh7 30. h4 Nf6 31. b5 axb5 32. axb5 Bxc5 33. dxc5 Qxc5 34. Bxf6 gxf6 35. Qg4+ Kf8 36. Qd7 Kg7 37. Qg4+ Kf8 38. Qf5 Rxb5 39. Rxb5 Qxb5 40. Qxf6 Ra6 41. Qd8+ Kg7 42. Rd1 c3 43. Rxd5 Qe2 44. Rf5 c2 45. Qc7 Rf6 46. Qc3 Qa6 47. Rxf6 Qxf6 48. Qxc2 1/2-1/2

[Event "Pan American-ch U16"]
[Site "Medellin"]
[Date "2007.07.06"]
[Round "8"]
[White "Jukemura, Leandro"]
[Black "Gomez Caceres, Jafet"]
[Result "1-0"]
[WhiteElo "2025"]
[BlackElo "1777"]
[PlyCount "63"]
[EventDate "2007.07.02"]
[EventType "swiss"]
[EventRounds "9"]
[EventCountry "COL"]
[SourceTitle "EXT 2022"]
[Source "ChessBase"]
[SourceDate "2021.10.06"]
[SourceVersion "1"]
[SourceVersionDate "2021.10.06"]
[SourceQuality "1"]

1. e4 e6 2. d3 d5 3. Nd2 Nf6 4. Ngf3 c5 5. g3 Nc6 6. Bg2 Be7 7. 0-0 0-0 8. e5 Nd7 9. Re1 Qc7 10. Qe2 b6 11. Nf1 Bb7 12. h4 Rac8 13. Bf4 d4 14. N1h2 Rfd8 15. Ng5 h6 16. Qh5 hxg5 17. hxg5 Nb4 18. Ng4 Bxg2 19. Kxg2 g6 20. Qh4 Bf8 21. Nf6+ Nxf6 22. exf6 Qc6+ 23. f3 Bg7 24. fxg7 f6 25. Rh1 Kf7 26. gxf6 Rg8 27. Qg5 Qd5 28. Be5 Nc6 29. Rae1 Nxe5 30. Rxe5 Qd8 31. Rh4 c4 32. Rg4 1-0

[Event "Pan American-ch U16"]
[Site "Medellin"]
[Date "2007.07.04"]
[Round "5"]
[White "Becerra, Juan David"]
[Black "Jukemura, Leandro"]
[Result "1-0"]
[WhiteElo "2104"]
[BlackElo "2025"]
[PlyCount "177"]
[EventDate "2007.07.02"]
[EventType "swiss"]
[EventRounds "9"]
[EventCountry "COL"]
[SourceTitle "EXT 2022"]
[Source "ChessBase"]
[SourceDate "2021.10.06"]
[SourceVersion "1"]
[SourceVersionDate "2021.10.06"]
[SourceQuality "1"]

1. e4 c5 2. Nf3 Nc6 3. d4 cxd4 4. c3 Nf6 5. e5 Nd5 6. cxd4 e6 7. Nc3 Nxc3 8. bxc3 d6 9. Bb5 Bd7 10. exd6 Bxd6 11. 0-0 0-0 12. Bd3 Ne7 13. Ng5 h6 14. Nh7 Re8 15. Bxh6 Ng6 16. Bg5 Be7 17. Qh5 Bxg5 18. Nxg5 Qf6 19. Nh7 Qe7 20. Bxg6 fxg6 21. Qxg6 Rac8 22. Ng5 Qf6 23. Qxf6 gxf6 24. Ne4 Rf8 25. Nc5 Rc7 26. Rfe1 Kf7 27. Rac1 b6 28. Ne4 Rd8 29. Nd6+ Ke7 30. Nf5+ Kf7 31. Ne3 Bc8 32. Red1 Bb7 33. c4 Rdc8 34. h4 Bd5 35. Rd2 Bxc4 36. Rdc2 b5 37. a4 a6 38. axb5 axb5 39. d5 exd5 40. Nxd5 Rc5 41. Nb6 R8c6 42. Nxc4 Rxc4 43. Rxc4 bxc4 44. Kf1 Ke6 45. Ke2 Kd5 46. h5 f5 47. Ke3 Rh6 48. Rh1 Ke5 49. Rh4 Kd5 50. Kd2 Kc5 51. Kc3 Kd5 52. g3 f4 53. Rxf4 Rxh5 54. Rd4+ Ke6 55. Kxc4 Rh1 56. Rf4 Rd1 57. Rd4 Rf1 58. Re4+ Kf5 59. Rf4+ Kg5 60. Kd3 Re1 61. Kd2 Re8 62. Rf3 Kg4 63. Re3 Ra8 64. Re4+ Kf5 65. Rf4+ Kg5 66. Ke2 Ra2+ 67. Kf3 Ra3+ 68. Kg2 Ra1 69. Rb4 Ra2 70. Rb5+ Kg4 71. Rb8 Rc2 72. Rg8+ Kh5 73. Rf8 Kg4 74. Rf4+ Kg5 75. Re4 Kf5 76. Ra4 Rb2 77. g4+ Kg5 78. Kg3 Rb3+ 79. f3 Rb1 80. f4+ Kg6 81. Ra6+ Kg7 82. Kh4 Rb5 83. f5 Rb4 84. Kg5 Rc4 85. Ra7+ Kg8 86. f6 Kf8 87. Rg7 Rc8 88. Kg6 Rc4 89. g5 1-0

[Event "Pan American-ch U16"]
[Site "Medellin"]
[Date "2007.07.03"]
[Round "3"]
[White "Meza Ponce, Jeison"]
[Black "Jukemura, Leandro"]
[Result "1-0"]
[WhiteElo "2222"]
[BlackElo "2025"]
[PlyCount "67"]
[EventDate "2007.07.02"]
[EventType "swiss"]
[EventRounds "9"]
[EventCountry "COL"]
[SourceTitle "EXT 2022"]
[Source "ChessBase"]
[SourceDate "2021.10.06"]
[SourceVersion "1"]
[SourceVersionDate "2021.10.06"]
[SourceQuality "1"]

1. e4 c5 2. Nf3 Nc6 3. d4 cxd4 4. Nxd4 Nf6 5. Nc3 e5 6. Ndb5 d6 7. Bg5 a6 8. Na3 b5 9. Bxf6 gxf6 10. Nd5 f5 11. exf5 Bxf5 12. Qf3 Nd4 13. Nc7+ Qxc7 14. Qxa8+ Ke7 15. c3 b4 16. cxb4 Qb6 17. Bxa6 Qxb4+ 18. Kf1 Qd2 19. h4 Rg8 20. Qb7+ Kf6 21. g3 Bg4 22. Bc4 Be7 23. Bd5 Qd3+ 24. Kg2 Rb8 25. Qxb8 Bf3+ 26. Bxf3 Qxf3+ 27. Kh3 Qf5+ 28. Kg2 Qf3+ 29. Kh3 Ne2 30. Qb4 Nf4+ 31. Qxf4+ exf4 32. Rhf1 Kf5 33. Nc2 Qg4+ 34. Kh2 1-0

[Event "South American-ch U14"]
[Site "Parana"]
[Date "2007.01.??"]
[Round "2"]
[White "Piris Tillner, Fernando"]
[Black "Jukemura, Leandro"]
[Result "1-0"]
[WhiteElo "1908"]
[BlackElo "2036"]
[PlyCount "63"]
[EventDate "2007.01.01"]
[EventType "tourn"]
[EventRounds "9"]
[EventCountry "ARG"]
[SourceTitle "EXT 2022"]
[Source "ChessBase"]
[SourceDate "2021.10.06"]
[SourceVersion "1"]
[SourceVersionDate "2021.10.06"]
[SourceQuality "1"]

1. d4 d5 2. Nf3 Nf6 3. Bg5 Ne4 4. Bh4 c5 5. c3 Nc6 6. e3 Qb6 7. Qb3 c4 8. Qxb6 axb6 9. Nbd2 Bf5 10. Nxe4 Bxe4 11. Nd2 Bg6 12. e4 e6 13. Be2 b5 14. exd5 exd5 15. Bf3 Be7 16. Bxe7 Nxe7 17. 0-0 Kd7 18. Rfe1 Kd6 19. b3 Ra3 20. bxc4 bxc4 21. Bxd5 Kxd5 22. Re5+ Kc6 23. Nxc4 Ra6 24. Rxe7 Rha8 25. Ne5+ Kd5 26. Rxb7 Rxa2 27. Rxa2 Rxa2 28. h3 Ke6 29. Rb6+ Ke7 30. Nxg6+ hxg6 31. Rb7+ Ke6 32. d5+ 1-0